Ergonoma̕ bs̀ica

Bibliographic Details
Main Author: Estrada Muǫz, Jairo
Format: eBook
Language:Spanish
Published: Bogot:̀ Ediciones de la U, 2015
Subjects:
Online Access:Acceso restringido

MARC

LEADER 00000nam a22000007a 4500
005 20181102005414.0
007 cr|||| ||||
008 181102s2015 co |||||s|||| 00||0 spa d
020 |a 978-958-762-453-3 
035 |a 22150 
040 |a vLex 
090 |c 8259  |d 8259 
100 1 |a Estrada Muǫz, Jairo 
245 1 0 |a Ergonoma̕ bs̀ica  |h [Recurso electrn̤ico] /  |c Jairo Estrada Muǫz 
256 |a Servicio en ln̕ea 
260 |a Bogot:̀  |b Ediciones de la U,  |c 2015 
300 |a 1 recurso electrn̤ico 
500 |a Este libro forma parte del proceso de modernizacin̤ que se viene haciendo en el m̀bito internacional de la ergonoma̕.De un lado se acogen los conceptos y criterios de la Asociacin̤ Internacional de Ergonoma̕ en el sentido de una clasificacin̤ de la ergonoma̕ ms̀ sencilla, ms̀ coherente y de mayor aplicabilidad. Por esa razn̤ se establecen los nombres de los capt̕ulos Ergonoma̕ Fs̕ica, Ergonoma̕ Cognitiva y Ergonoma̕ Organizacional, que forman parte de dicha clasificacin̤. 
506 1 |a Disponible solo en los productos indicados  |d vLex Global  |d vLex Global (Academic Edition, excluding Law Schools)  |d vLex Global (U.S. Academic Edition, Law Schools)  |d vLex Global (U.S. Academic Edition, excluding Law Schools)  |d vLex Global (Academic Edition, Law Schools) 
650 0 4 |a Ciencias sociales  |z Colombia 
650 0 4 |a Psicologa̕  |z Colombia 
650 0 4 |a Seguridad y Salud Laboral  |z Colombia 
740 0 |a vLex Libros (Servicio en ln̕ea) 
856 4 0 |u http://vlex.com/source/ergonomia-basica-22150  |z Acceso restringido 
942 |c BOOK 
999 0 |a Social Sciences 
999 0 |a Psychology 
999 0 |a Occupational Health and Safety